000 00800cam a22002651 4500
001 7076
003 BD-RjUL
005 20211208234348.0
008 140113s1962 mau b 001 0 eng
035 _a(BD-RjUL)7118
040 _aDLC/ICU
_cICU
_dDLC
_dBD-RjUL
_beng
041 _aeng
082 0 0 _a517.382
_bKAO 1962
100 1 _aKaplan, Wilfred,
_d1915-
_921425
245 1 0 _aOperational methods for linear systems /
_cWilfred Kaplan
260 _aReading, Mass. :
_bAddison-Wesley Pub. Co. ,
_cc1962
300 _axi, 577 p. ;
_c23 cm.
504 _aIncludes bibliography and index.
650 0 _aCalculus, Operational.
_919806
650 0 _aLinear systems.
_920105
942 _2ddc
_cBK
999 _c7076
_d7076